Mannschaften der Regionalliga West 2023/24 - Statistiken

Allgemein
  • Dieses Quiz wurde 87 mal gespielt
  • Das Durchschnittsergebnis liegt bei 12 aus 18
Antwortstatistiken
Mannschaften % Korrekt
Alemannia Aachen
96%
Rot-Weiß Oberhausen
88%
Wuppertaler SV
86%
SC Fortuna Köln
82%
FC Schalke 04 II⁠
80%
Fortuna Düsseldorf II⁠
80%
Borussia Mönchengladbach II⁠
79%
1. FC Köln II
75%
1. FC Düren
71%
1. FC Bocholt
66%
FC Gütersloh
55%
SC Paderborn 07 II
55%
SV Rödinghausen
54%
Rot Weiss Ahlen
52%
SV Lippstadt 08
52%
SSVg Velbert
48%
FC Wegberg-Beeck
41%
SC Wiedenbrück
36%
Keine übereinstimmenden Quizze gefunden
Verteilung der Resultate
Anzahl Personen mit jedem Resultat
Perzentil nach korrekt beantworteten Fragen
Ihre Resultats-Entwicklung
Sie haben dieses Quiz noch nicht gespielt